Muhimmāt-i Balocistān / (Record no. 331128)

000 -LEADER
fixed length control field 00966cam a2200277 i 4500
001 - CONTROL NUMBER
control field 1841295
003 - CONTROL NUMBER IDENTIFIER
control field NUST
005 - DATE AND TIME OF LATEST TRANSACTION
control field 20170915113711.0
008 - FIXED-LENGTH DATA ELEMENTS--GENERAL INFORMATION
fixed length control field 810528s1980 pk b 000 0 urdo
010 ## - LIBRARY OF CONGRESS CONTROL NUMBER
LC control number 80930489
040 ## - CATALOGING SOURCE
Original cataloging agency DLC
Transcribing agency DLC
Modifying agency DLC
043 ## - GEOGRAPHIC AREA CODE
Geographic area code a-pk---
050 00 - LIBRARY OF CONGRESS CALL NUMBER
Classification number DS392.B28
Item number Q32
082 ## - DEWEY DECIMAL CLASSIFICATION NUMBER
Classification number 954.915
Author Mark QAD
100 1# - MAIN ENTRY--PERSONAL NAME
Personal name Qādrī, Kāmil,
Dates associated with a name 1932-
9 (RLIN) 4609
245 10 - TITLE STATEMENT
Title Muhimmāt-i Balocistān /
Statement of responsibility, etc. Kāmilulqādirī.
260 ## - PUBLICATION, DISTRIBUTION, ETC.
Place of publication, distribution, etc. Quetta :
Name of publisher, distributor, etc. Nisāʼ Ṭreḍarz :
-- taqsīm kar, Goshah-yi Adab,
Date of publication, distribution, etc. 2008
300 ## - PHYSICAL DESCRIPTION
Extent 2 v. (602 p.) ;
Dimensions 23 cm.
500 ## - GENERAL NOTE
General note In Urdu.
500 ## - GENERAL NOTE
General note Two hundred and fifty copies printed.
504 ## - BIBLIOGRAPHY, ETC. NOTE
Bibliography, etc. note Includes bibliographical references.
650 #0 - SUBJECT ADDED ENTRY--TOPICAL TERM
Topical term or geographic name entry element Baluchi literature
General subdivision History and criticism.
9 (RLIN) 4610
651 #0 - SUBJECT ADDED ENTRY--GEOGRAPHIC NAME
Geographic name Balochistān (Pakistan)
General subdivision History.
9 (RLIN) 1750
651 #0 - SUBJECT ADDED ENTRY--GEOGRAPHIC NAME
Geographic name Balochistān (Pakistan)
General subdivision Civilization.
9 (RLIN) 4611
880 ## - ALTERNATE GRAPHIC REPRESENTATION
Linkage 100-01\(3\r
Title کامل قادری
880 ## - ALTERNATE GRAPHIC REPRESENTATION
Linkage 245-02\(3\r
Title مہمات بلوچستان:
b پر عزم بلوچوں کے عظیم کارناموں کی داستان- بلوچستان میں برپا شورشوں اور معرکوں کا احوال
c کامل قادری
880 ## - ALTERNATE GRAPHIC REPRESENTATION
Linkage 260-03\(3\r
Title کوئٹہ:
b گوشہ ادب،
c 2009
906 ## - LOCAL DATA ELEMENT F, LDF (RLIN)
a 7
b cbc
c orignew
d 4
e ncip
f 19
g y-gencatlg
942 ## - ADDED ENTRY ELEMENTS (KOHA)
Source of classification or shelving scheme
Koha item type Book
Holdings
Withdrawn status Lost status Source of classification or shelving scheme Damaged status Not for loan Collection code Permanent Location Current Location Shelving location Date acquired Total Checkouts Full call number Barcode Date last seen Copy number Price effective from Koha item type
            Central Library (CL) Central Library (CL) Book Cart 09/15/2017   954.915 QAD CL2923 09/15/2017 1 09/15/2017 Book
© 2023 Central Library, National University of Sciences and Technology. All Rights Reserved.